Actualidad agroindustrial de la quinua /

Detalles Bibliográficos
Autores principales: González, Carlos Alberto (González Callejas) (Autor), Muñoz, Karen Sofía (Autor), Nieto, Jhon Édison (Autor)
Formato: Electrónico eBook
Lenguaje:español
Publicado: Popayán, Colombia : Editorial Universidad del Cauca, 2023.
Edición:Primera edición en español.
Materias:
Acceso en línea:Digitalia Hispánica

MARC

LEADER 00000nam a2200000Ii 4500
001 DIGUCAUCA0161
003 NyNyDIG
006 m o d
007 cr |||||||||||
008 250611s2023 ck a ob 001 0 spa d
035 |a (OCoLC)1517039112 
040 |a DGITA  |b eng  |e rda  |e pn  |c DGITA 
020 |a 9789587326154  |q digital 
020 |z 9789587326147  |q impreso 
043 |a s-ck--- 
050 1 4 |a SB177.Q55 ebook 
100 1 |a González, Carlos Alberto  |q (González Callejas),  |e author. 
245 1 0 |a Actualidad agroindustrial de la quinua /  |c Carlos Alberto González, Karen Sofía Muñoz, Jhon Édison Nieto. 
250 |a Primera edición en español. 
264 1 |a Popayán, Colombia :  |b Editorial Universidad del Cauca,  |c 2023. 
300 |a 1 online resource :  |b illustrations. 
336 |a text  |b txt  |2 rdacontent 
337 |a computer  |b c  |2 rdamedia 
338 |a online resource  |b cr  |2 rdacarrier 
347 |a text file  |2 rdaft  
347 |b PDF 
504 |a Includes bibliographical references and index. 
588 0 |a Online resource; title from PDF title page (Digitalia, viewed June 11, 2025) 
650 0 |a Quinoa  |z Colombia  |z Cauca (Department) 
700 1 |a Muñoz, Karen Sofía,  |e author. 
700 1 |a Nieto, Jhon Édison,  |e author. 
776 0 8 |i Print version:  |a González, Carlos Alberto (González Callejas).  |t Actualidad agroindustrial de la quinua.  |b Primera edición en español.  |d Popayán, Colombia : Editorial Universidad del Cauca, 2023  |z 9789587326147 
791 2 |a Digitalia (Firm),  |e distributor. 
793 0 |g Digitalia eBook Collection:  |a Editorial Universidad del Cauca 
856 4 0 |3 Digitalia Hispánica  |u https://www.digitaliapublishing.com/a/173785/ 
910 |a Premium collection: 2025